| 000 | 01204cam a2200313 i 4500 | ||
|---|---|---|---|
| 999 |
_c86 _d86 |
||
| 020 | _a9780702031380 | ||
| 020 | _a0702031380 | ||
| 042 | _apcc | ||
| 082 | 0 | 0 |
_a616.025 _223 _bCLI |
| 100 | _aKumar, Parveen (ed) | ||
| 100 | _aMichael Clark (ed) | ||
| 245 | 0 | 0 | _aKumar & Clark Clinical medicine / |
| 250 | _a3rd edition. | ||
| 264 | 1 |
_aEdinburgh ; _aNew York : _bSaunders Elsevier, _c2013. |
|
| 300 |
_axiii, 593 pages : _billustrations ; _c19 cm |
||
| 336 |
_atext _btxt _2rdacontent |
||
| 337 |
_aunmediated _bn _2rdamedia |
||
| 338 |
_avolume _bnc _2rdacarrier |
||
| 500 | _aIncludes index. | ||
| 650 | 0 |
_aInternal medicine _vHandbooks, manuals, etc. |
|
| 650 | 0 |
_aMedical emergencies _vHandbooks, manuals, etc. _vIMDC |
|
| 700 | 1 | _aKumar, Parveen J. | |
| 700 | 1 | _aClark, Michael L. | |
| 775 | 0 | 8 |
_iRevision of: _tAcute clinical medicine. _b2nd ed. _dEdinburgh ; New York : Saunders, 2006. _w(DLC) 2005057412 |
| 906 |
_a7 _bcbc _corigcop _d2 _encip _f20 _gy-gencatlg |
||
| 942 |
_2ddc _cBK |
||